Lễ cấp sắc - môn phái Then Nữ phía tây của dân tộc tỉnh Cao Bằng
Giới thiệu một số vấn đề về then, lễ cấp sắc. Trình bày nội dung, vai trò xã hội, bản chất, ý nghĩa và giá trị của lễ kỳ yên giải hạn và lễ cấp sắc Bụt Tày phái nữ ở phía tây tỉnh Cao Bằng...
Saved in:
| Main Author: | |
|---|---|
| Format: | Book |
| Language: | Vietnamese |
| Published: |
Hà Nội
Văn Hóa Dân Tộc
2009
|
| Subjects: | |
| Tags: |
Add Tag
No Tags, Be the first to tag this record!
|
| Institutions: | Trung tâm Học liệu Lê Vũ Hùng, Trường Đại học Đồng Tháp |
|---|
| LEADER | 01288aam a22002538a 4500 | ||
|---|---|---|---|
| 001 | 00029329 | ||
| 005 | 20171026081022.0 | ||
| 008 | 120530s2009 ||||||viesd | ||
| 020 | # | # | |a 9786047000036 |
| 041 | 0 | # | |a vie |
| 082 | 1 | 4 | |a 398.095 971 2 |b L250C |
| 100 | 0 | # | |e Giới thiệu, sưu tầm và biên soạn |a Nguyễn, Thiên Tứ |
| 245 | 1 | 0 | |a Lễ cấp sắc - môn phái Then Nữ phía tây của dân tộc tỉnh Cao Bằng |c Nguyễn Thiên Tứ (g.t, s.t, b.s.) |
| 260 | # | # | |a Hà Nội |b Văn Hóa Dân Tộc |c 2009 |
| 300 | # | # | |a 578 tr. |c 21 cm. |
| 500 | # | # | |a ĐTTS ghi: Hội Văn nghệ dân gian Việt Nam |
| 520 | # | # | |a Giới thiệu một số vấn đề về then, lễ cấp sắc. Trình bày nội dung, vai trò xã hội, bản chất, ý nghĩa và giá trị của lễ kỳ yên giải hạn và lễ cấp sắc Bụt Tày phái nữ ở phía tây tỉnh Cao Bằng |
| 653 | # | # | |a Lễ cấp sắc |
| 653 | # | # | |a Nghi lễ |
| 653 | # | # | |a Tín ngưỡng dân gian |
| 852 | # | # | |b Kho đọc |j KD.0013628 |
| 852 | # | # | |j KD.0013628 |
| 910 | 0 | # | |d 5/6/2012 |a kchi |
| 980 | # | # | |a Trung tâm Học liệu Lê Vũ Hùng, Trường Đại học Đồng Tháp |


